Text book of medicinal chemistry-I (Record no. 360926)
[ view plain ]
| 000 -LEADER | |
|---|---|
| fixed length control field | 00488 a2200181 4500 |
| 005 - DATE & TIME | |
| control field | 20250527120924.0 |
| 008 - FIXED-LENGTH DATA ELEMENTS--GENERAL INFORMATION | |
| fixed length control field | 250527b |||||||| |||| 00| 0 eng d |
| 020 ## - ISBN | |
| International Standard Book Number | 9788119613007 |
| Price | Rs. 525.00 |
| 040 ## - CATALOGING SOURCE | |
| Original cataloging agency | VIVEKANANDA LIBRARY |
| 082 ## - DDC NUMBER | |
| Classification number | 615.19 |
| Book Number | K314T |
| 100 ## - MAIN ENTRY--PERSONAL NAME | |
| Personal name | Kemisetti, Durga Prasad |
| 245 ## - TITLE STATEMENT | |
| Title | Text book of medicinal chemistry-I |
| 260 ## - PUBLICATION, DISTRIBUTION, ETC. (IMPRINT) | |
| Name of publisher, distributor, etc | IP Innovative Publication |
| Date of publication, distribution, etc | 2024 |
| Place of publication, distribution, etc | New Delhi |
| 300 ## - PHYSICAL DESCRIPTION | |
| Pages | xii, 242 |
| 650 ## - Subject | |
| Subject | Pharmacy |
| 650 ## - Subject | |
| Subject | Medicinal Chemistry |
| 942 ## - ADDED ENTRY ELEMENTS (KOHA) | |
| Koha item type | Books |
| Withdrawn status | Lost status | Source of classification or shelving scheme | Damaged status | Not for loan | Location (home branch) | Sublocation or collection (holding branch) | Shelving location | Date acquired | Koha issues (times borrowed) | Koha full call number | Accession No. | Koha date last seen | Copy number | Koha item type |
|---|---|---|---|---|---|---|---|---|---|---|---|---|---|---|
| Dewey Decimal Classification | VIVEKANANDA LIBRARY | VIVEKANANDA LIBRARY | Vivekananda Library | 22/01/2025 | 1 | 615.19 K314T | 441802 | 11/02/2026 | V1 | Books |
